Ulice w Gdańsku zaczynające się na T - Statystyki

Ogólne statystyki
  • Ten quiz został rozwiązany 10 razy
  • Średni wynik to 14 z 57
Statystyki odpowiedzi
Odpowiedź % Poprawnych
Toruńska
83%
Targ Drzewny
50%
Targ Rybny
50%
Telimeny
50%
Tkacka
50%
Tolkmicka
50%
Topolowa
50%
Towarowa
50%
Traugutta
50%
Tuchomska
50%
Twarda
50%
Taborowa
33%
Tama Pędzichowska
33%
Tamka
33%
Tarcice
33%
Targ Sienny
33%
Targ Węglowy
33%
Tarnowska
33%
Tatrzańska
33%
Tęczowa
33%
Tetmajera
33%
Tezeusza
33%
Tokarska
33%
Topazowa
33%
Trakt Św. Wojciecha
33%
Trałowa
33%
Trawki
33%
Turkusowa
33%
Tandeta
17%
Targ Maślany
17%
Targ Rakowy
17%
Teatralna
17%
Telewizyjna
17%
Teligi
17%
Temidy
17%
Tenisowa
17%
Tobiasza
17%
Tomczaka
17%
Transportowców
17%
Tulipanów
17%
Turystyczna
17%
Tuwima
17%
Taneczna
0%
Tarasy
0%
Tarniny
0%
Tartaczna
0%
Teleskopowa
0%
Tilgnera
0%
Tischnera
0%
Trapowa
0%
Traserów
0%
Trubadurów
0%
Trzy Lipy
0%
Turzycowa
0%
Tylewskiego
0%
Tymiankowa
0%
Tysiąclecia
0%
Nie znaleziono quizów pasujących do podanych kryteriów
Rozkład punktacji
Procent ludzi z każdym wynikiem
Percentyl według liczby udzielonych odpowiedzi
Twoja historia wyników
Nie rozwiązałeś tego quizu